00303nam a22000857a 4500008004100000082001500041245011700056260003500173300000900208230619b xxu||||| |||| 00| 0 eng d a305.42bUN aReport of the Committee on the Elimination of Discrimination against Womenb(Eighteenth and Nineteenth Sessions) aNew YorkbUnited Nationsc1993 a109p